| 000 | 00735nam a2200229 a 4500 | ||
|---|---|---|---|
| 005 | 20231024103344.0 | ||
| 008 | 131209s2009 es r 000 0 spa d | ||
| 020 | _a9788498413281 | ||
| 035 | _aUPN01000194598 | ||
| 049 | _aCG | ||
| 050 | 4 |
_aPN466 _bM3.3 |
|
| 100 | 1 |
_aMarchamalo, Jesús, _d1960- _934783 |
|
| 245 | 1 | 0 |
_a44 escritores de la literatura universal / _cJesús Marchmalo, Damián Flores. |
| 260 |
_aMadrid : _bSiruela, _c2009. |
||
| 300 |
_a231 p. : _bil. |
||
| 440 | 3 |
_aLas tres edades ; _v199. _pDe 12 en adelante |
|
| 650 | 4 |
_aAUTORES - _ySIGLO XX - _vBIOGRAFIA _922713 |
|
| 650 | 0 |
_aLiteratura _ySiglo XX _xHistoria y crítica _922714 |
|
| 700 | 1 |
_aFlores, Damián, _ecoaut. |
|
| 905 | _aLibro | ||
| 999 |
_c166699 _d166699 |
||